[Event "CSS Freestyle 8th"]
[Site "playchess.com"]
[Date "2008.04.11"]
[Round "1"]
[White "WindPower"]
[Black "Farseer"]
[Result "1-0"]
[WhiteElo "2418"]
[BlackElo "2439"]
[PlyCount "145"]
[EventDate "2008.04.11"]

1. e4 {3} e6 {10} 2. b3 {4} d5 {43} 3. Bb2 {4} dxe4 {86} 4. Nc3 {7} Nf6 {24} 5.
Qe2 {37} Nc6 {95} 6. O-O-O {100} Be7 {131} 7. Nxe4 {70} a5 {62} 8. a4 {471} O-O
{3} 9. Nf3 {9} Nb4 {149} 10. h4 {567} b6 {6} 11. Nxf6+ {228} Bxf6 {20} 12. Qe4
{1} Ra7 {236} 13. Ng5 {296} g6 {15} 14. Qf4 {4} Nd5 {137} 15. Qg3 {83} Bb7 {5}
16. Ne4 {142} Bxb2+ {75} 17. Kxb2 {1} Nf6 {70} 18. Nc3 {127} Qd4 {140} 19. Kb1
{16} Qg4 {443} 20. Qh2 {183} Bc6 {66} 21. f3 {16} Qd4 {121} 22. Bb5 {30} Bd5 {
278} 23. h5 {57} c6 {79} 24. hxg6 {98} fxg6 {4} 25. Nxd5 {18} cxd5 {168} 26. g4
{145} Re7 {213} 27. Rde1 {6} Qc5 {97} 28. Re3 {40} d4 {64} 29. Re2 {7} e5 {24}
30. Qh6 {3} Rg7 {43} 31. Rhe1 {4} Nd7 {134} 32. Bxd7 {50} Rxd7 {21} 33. Rxe5 {8
} Qb4 {9} 34. Re8 {53} Rdf7 {10} 35. Qg5 {103} d3 {54} 36. Rxf8+ {195} Qxf8 {4}
37. c3 {1} Rxf3 {19} 38. Qd5+ {25} Kg7 {40} 39. Qb7+ {6} Kh6 {55} 40. Qxb6 {12}
Qf4 {26} 41. Rh1+ {59} Kg7 {6} 42. Qa7+ {60} Qf7 {24} 43. Qd4+ {13} Qf6 {24}
44. Qxf6+ {42} Rxf6 {27} 45. Rh3 {4} h5 {113} 46. gxh5 {11} g5 {8} 47. Rxd3 {16
} Kh6 {34} 48. c4 {36} g4 {126} 49. c5 {11} Kxh5 {175} 50. Rc3 {15} Rf3 {78}
51. c6 {73} Rxc3 {12} 52. dxc3 {8} g3 {6} 53. c7 {5} g2 {8} 54. c8=Q {8} g1=Q+
{3} 55. Kb2 {15} Qh2+ {111} 56. Ka3 {16} Qd6+ {18} 57. b4 {8} Kh4 {41} 58. Qc5
{36} Qh6 {45} 59. Qd4+ {1} Kg3 {25} 60. b5 {79} Qc1+ {33} 61. Kb3 {24} Qh6 {43}
62. b6 {5} Qh7 {41} 63. Qg1+ {50} Kf3 {14} 64. Kb2 {17} Qd7 {23} 65. Qh1+ {33}
Kg3 {10} 66. b7 {69} Qd6 {6} 67. Qh5 {33} Qf4 {4} 68. Qd5 {56} Qb8 {37} 69. Kb3
{29} Kh2 {35} 70. Qh5+ {18} Kg3 {12} 71. Qg5+ {18} Kh3 {10} 72. Qf5+ {15} Kg2 {
18} 73. Qc8 {Farseer resigns (Lag: Av=0.80s, max=12.4s) 18} 1-0

[Event "CSS Freestyle 8th"]
[Site "playchess.com"]
[Date "2008.04.11"]
[Round "1"]
[White "Bushel"]
[Black "Flyingfatman"]
[Result "1/2-1/2"]
[WhiteElo "2418"]
[BlackElo "2531"]
[PlyCount "153"]
[EventDate "2008.04.11"]

1. Nf3 {76} Nf6 {279} 2. d4 {12} d5 {8} 3. c4 {18} c6 {21} 4. e3 {148} e6 {8}
5. Nc3 {10} Nbd7 {75} 6. Bd3 {25} dxc4 {30} 7. Bxc4 {7} b5 {61} 8. Be2 {204}
Bb7 {60} 9. O-O {9} a6 {24} 10. e4 {27} c5 {91} 11. e5 {301} Nd5 {27} 12. a4 {
169} b4 {25} 13. Nxd5 {54} Bxd5 {196} 14. Be3 {56} c4 {34} 15. Ng5 {291} Be7 {5
} 16. Nh3 {43} O-O {15} 17. Nf4 {95} a5 {5} 18. Nxd5 {58} exd5 {19} 19. f4 {6}
Nb6 {472} 20. f5 {199} Bg5 {7} 21. Qd2 {85} Bxe3+ {4} 22. Qxe3 {5} f6 {7} 23.
e6 {98} Qe8 {22} 24. Rf4 {197} Ra7 {485} 25. Rh4 {4} Re7 {81} 26. Bh5 {7} Qc6 {
75} 27. Qg3 {9} Qc7 {159} 28. Qf3 {180} h6 {266} 29. Rh3 {4} Kh8 {15} 30. Qf2 {
499} Nc8 {167} 31. Re3 {4} Rd8 {330} 32. Rc1 {8} Qc6 {29} 33. b3 {169} c3 {95}
34. Qf4 {108} Qc7 {108} 35. Qxc7 {76} Rxc7 {5} 36. Bd1 {4} Kg8 {18} 37. Kf2 {60
} Kf8 {47} 38. Bc2 {4} Nd6 {56} 39. Rh3 {55} Ke7 {38} 40. Ke2 {3} Re8 {64} 41.
Bd3 {82} Rd8 {116} 42. Rf1 {138} Rg8 {40} 43. Kd1 {4} Ne4 {81} 44. Kc2 {3} g6 {
17} 45. fxg6 {115} Rxg6 {39} 46. g3 {2} Kxe6 {92} 47. Rh5 {4} Rg5 {165} 48.
Rxh6 {3} Rf5 {15} 49. Rxf5 {2} Kxf5 {8} 50. Rh4 {7} Re7 {19} 51. Rh8 {. 288}
Ke6 {12} 52. g4 {60} Rg7 {46} 53. h3 {114} f5 {11} 54. Re8+ {32} Kf7 {18} 55.
Rd8 {6} fxg4 {44} 56. Rd7+ {37} Kf8 {30} 57. Rxd5 {13} Nd2 {14} 58. hxg4 {7}
Rxg4 {17} 59. Rxa5 {3} Rg2 {8} 60. Ra8+ {62} Ke7 {19} 61. Bh7 {3} Nc4+ {35} 62.
Kd1 {4} Rd2+ {24} 63. Ke1 {11} Rxd4 {15} 64. Ra7+ {73} Kd6 {17} 65. Ra6+ {3}
Kc7 {25} 66. Rh6 {15} Ne3 {18} 67. Ke2 {11} c2 {49} 68. Rh1 {3} Rd1 {14} 69.
Bxc2 {5} Rxh1 {12} 70. Kxe3 {2} Rh3+ {14} 71. Ke4 {7} Rc3 {15} 72. Bd1 {8} Kc6
{14} 73. Ke5 {6} Kc5 {11} 74. Ke4 {3} Rh3 {12} 75. Bf3 {4} Rh2 {18} 76. Bd1 {2}
Rb2 {8} 77. Ke3 {Bushel offers a draw (Lag: Av=0.25s, max=1.6s) 14} 1/2-1/2

[Event "CSS Freestyle 8th"]
[Site "playchess.com"]
[Date "2008.04.11"]
[Round "1"]
[White "Fulcrum2000"]
[Black "Icy45"]
[Result "1-0"]
[WhiteElo "2582"]
[BlackElo "2456"]
[PlyCount "73"]
[EventDate "2008.04.11"]

1. e4 {[%emt 0:00:06]} c5 {[%emt 0:00:13]} 2. Nf3 {[%emt 0:00:08]} e6 {
[%emt 0:00:07]} 3. d4 {[%emt 0:00:30]} cxd4 {[%emt 0:00:06]} 4. Nxd4 {
[%emt 0:00:10]} a6 {[%emt 0:00:05]} 5. Nc3 {[%emt 0:00:09]} b5 {[%emt 0:00:06]}
6. Bd3 {[%emt 0:01:16]} Bb7 {[%emt 0:00:06]} 7. O-O {[%emt 0:00:08]} Nc6 {
[%emt 0:02:06]} 8. Nxc6 {[%emt 0:01:40]} dxc6 {[%emt 0:00:28]} 9. e5 {
[%emt 0:03:28]} Qc7 {[%emt 0:02:16]} 10. Re1 {[%emt 0:08:48]} Ne7 {
[%emt 0:02:11]} 11. Bg5 {[%emt 0:00:49]} Nd5 {[%emt 0:02:10]} 12. Ne4 {
[%emt 0:01:46]} h6 {[%emt 0:02:03]} 13. Bh4 {[%emt 0:00:03]} c5 {[%emt 0:01:52]
} 14. c4 {[%emt 0:02:08]} bxc4 {[%emt 0:00:45]} 15. Bxc4 {[%emt 0:01:56]} Nb6 {
[%emt 0:00:06]} 16. Nd6+ {[%emt 0:04:27]} Bxd6 {[%emt 0:01:59]} 17. exd6 {
[%emt 0:00:00]} Qc6 {[%emt 0:01:47]} 18. Bf1 {[%emt 0:00:03]} Qd5 {
[%emt 0:01:38]} 19. Qg4 {[%emt 0:00:52]} O-O {[%emt 0:01:48]} 20. Rad1 {
[%emt 0:01:05]} Qxa2 {[%emt 0:01:43]} 21. Bf6 {[%emt 0:00:47]} g6 {
[%emt 0:00:47]} 22. d7 {[%emt 0:00:06]} Nd5 {[%emt 0:01:41]} 23. Rxd5 {
[%emt 0:00:07]} Qxd5 {[%emt 0:01:21]} 24. Rd1 {[%emt 0:00:08]} Qe4 {
[%emt 0:01:19]} 25. Qxe4 {[%emt 0:01:09]} Bxe4 {[%emt 0:00:17]} 26. d8=Q {
[%emt 0:01:04]} Rfxd8 {[%emt 0:00:20]} 27. Rxd8+ {[%emt 0:00:12]} Rxd8 {
[%emt 0:01:11]} 28. Bxd8 {[%emt 0:00:00]} Bb7 {[%emt 0:01:22]} 29. Bb6 {
[%emt 0:02:24]} Kg7 {[%emt 0:01:28]} 30. Bxc5 {[%emt 0:00:08]} e5 {
[%emt 0:01:10]} 31. f3 {[%emt 0:00:17]} f5 {[%emt 0:00:59]} 32. h4 {
[%emt 0:01:05]} Kf6 {[%emt 0:03:32]} 33. Kf2 {[%emt 0:00:09]} f4 {
[%emt 0:00:57]} 34. Bf8 {[%emt 0:02:08]} h5 {[%emt 0:00:08]} 35. Bd6 {
[%emt 0:01:43]} Bc8 {[%emt 0:01:01]} 36. Bc7 {[%emt 0:00:34]} Kf5 {
[%emt 0:00:54]} 37. Bd3+ {Icy45 resigns [%emt 0:00:44]} 1-0

[Event "CSS Freestyle 8th"]
[Site "playchess.com"]
[Date "2008.04.11"]
[Round "2"]
[White "ChessPapaRazzi"]
[Black "Bushel"]
[Result "1/2-1/2"]
[WhiteElo "2376"]
[BlackElo "2424"]
[PlyCount "32"]
[EventDate "2008.04.11"]

1. d4 {27} Nf6 {18} 2. Nf3 {105} d5 {19} 3. c4 {6} e6 {18} 4. cxd5 {5} exd5 {6}
5. Nc3 {6} Nc6 {163} 6. g3 {22} h6 {17} 7. Bg2 {37} Bd6 {10} 8. O-O {236} O-O {
2} 9. Ne1 {403} Be6 {231} 10. Nc2 {202} Nd7 {5} 11. e4 {62} Nb4 {124} 12. Ne3 {
42} c6 {333} 13. a3 {27} Na6 {84} 14. exd5 {15} cxd5 {153} 15. Ncxd5 {16} Rb8 {
342} 16. b4 {431} Nf6 {204} 1/2-1/2

[Event "CSS Freestyle 8th"]
[Site "playchess.com"]
[Date "2008.04.11"]
[Round "2"]
[White "Abeljusto"]
[Black "Siciliane5"]
[Result "1/2-1/2"]
[WhiteElo "2433"]
[BlackElo "2399"]
[PlyCount "64"]
[EventDate "2008.04.11"]

1. c4 {11} e5 {25} 2. Nf3 {7} Nc6 {62} 3. Nc3 {13} Nf6 {23} 4. g3 {10} Nd4 {87}
5. Bg2 {24} Nxf3+ {11} 6. Bxf3 {4} Bc5 {14} 7. O-O {88} O-O {14} 8. d3 {44} h6
{21} 9. Rb1 {108} a5 {35} 10. a3 {230} c6 {80} 11. b4 {132} Bd4 {258} 12. Bb2 {
48} d5 {205} 13. e3 {23} Bxc3 {50} 14. Bxc3 {16} axb4 {58} 15. Bxb4 {215} Re8 {
58} 16. Re1 {18} Bh3 {551} 17. Qb3 {35} dxc4 {123} 18. dxc4 {71} Nh7 {17} 19.
Bh1 {70} Ng5 {63} 20. Rbd1 {20} Qb6 {33} 21. c5 {43} Qb5 {85} 22. f4 {120} exf4
{122} 23. exf4 {36} Rxe1+ {48} 24. Rxe1 {6} Ne6 {Siciliane5 offers a draw 24}
25. Qe3 {65} Rd8 {17} 26. Be4 {53} Qc4 {23} 27. Kf2 {125} Bg4 {56} 28. Rc1 {140
} Qa2+ {69} 29. Rc2 {15} Qa1 {15} 30. Rc1 {166} Qa2+ {21} 31. Rc2 {7} Qa1 {4}
32. Rc1 {203} Qa2+ {(Lag: Av=0.38s, max=0.9s) 7} 1/2-1/2

[Event "CSS Freestyle 8th"]
[Site "playchess.com"]
[Date "2008.04.11"]
[Round "2"]
[White "Badbishop1"]
[Black "FATTAaMANO"]
[Result "1/2-1/2"]
[WhiteElo "2374"]
[BlackElo "2435"]
[PlyCount "71"]
[EventDate "2008.04.11"]

1. e4 {7} c5 {3} 2. Nf3 {14} Nc6 {16} 3. d4 {28} cxd4 {6} 4. Nxd4 {11} e5 {6}
5. Nb5 {43} d6 {7} 6. N1c3 {49} a6 {8} 7. Na3 {8} Nf6 {11} 8. Nc4 {35} b5 {243}
9. Ne3 {4} b4 {53} 10. Ncd5 {14} Nxe4 {225} 11. a3 {108} b3 {226} 12. Bc4 {22}
bxc2 {98} 13. Qxc2 {3} Nc5 {95} 14. O-O {4} Nd4 {206} 15. Qd1 {33} g6 {159} 16.
Nc2 {105} Nxc2 {135} 17. Qxc2 {2} Bg7 {15} 18. b4 {131} Ne6 {112} 19. Be3 {288}
O-O {20} 20. Bb6 {89} Qd7 {208} 21. Be3 {104} Rb8 {109} 22. Rfe1 {89} Bb7 {137}
23. Rac1 {54} Rfe8 {211} 24. Nb6 {244} Qd8 {16} 25. Qb3 {96} Bf6 {101} 26. Bd5
{71} Re7 {40} 27. Qd3 {41} Nf4 {90} 28. Bxf4 {12} Qxb6 {5} 29. Be3 {79} e4 {15}
30. Qd2 {43} Qb5 {34} 31. Bxb7 {20} Qxb7 {7} 32. Qxd6 {25} Be5 {35} 33. Qd2 {
132} Rd7 {86} 34. Qe2 {2} Rd3 {10} 35. Bc5 {105} Re8 {45} 36. Kh1 {
Badbishop1 offers a draw (Lag: Av=0.40s, max=0.8s) 22} 1/2-1/2

[Event "CSS Freestyle 8th"]
[Site "playchess.com"]
[Date "2008.04.11"]
[Round "2"]
[White "Ultima"]
[Black "Don Juan"]
[Result "1/2-1/2"]
[WhiteElo "2595"]
[BlackElo "2472"]
[PlyCount "60"]
[EventDate "2008.04.11"]

1. e4 {0} c6 {9} 2. d4 {13} d5 {6} 3. Nd2 {150} Nd7 {64} 4. Ngf3 {193} dxe4 {10
} 5. Nxe4 {29} Ngf6 {4} 6. Ng3 {101} g6 {52} 7. h4 {93} h5 {75} 8. Be2 {83} Nb6
{50} 9. O-O {186} Bg7 {205} 10. Bg5 {12} O-O {159} 11. Qd2 {10} Bg4 {180} 12.
Rad1 {140} Nh7 {58} 13. Bf4 {412} e6 {3} 14. Ng5 {213} Bxe2 {140} 15. Nxe2 {153
} Re8 {162} 16. Nf3 {13} Nf6 {145} 17. b3 {25} Ng4 {70} 18. c4 {16} Nd7 {78}
19. Qc2 {40} Qa5 {89} 20. Ng5 {58} Ndf6 {27} 21. Ng3 {55} Nh6 {202} 22. Qb2 {41
} Rad8 {36} 23. f3 {239} Nf5 {31} 24. Nxf5 {6} exf5 {4} 25. Be5 {42} Rd7 {110}
26. d5 {117} Qb6+ {192} 27. Bd4 {8} Qd8 {18} 28. b4 {2} cxd5 {34} 29. c5 {2}
Rf8 {209} 30. g4 {451} f4 {Don Juan ofrece tablas (Lag: Av=0.38s, max=0.9s) 88}
1/2-1/2

[Event "CSS Freestyle 8th"]
[Site "playchess.com"]
[Date "2008.04.11"]
[Round "2"]
[White "Icy45"]
[Black "Intuitivestra"]
[Result "1-0"]
[WhiteElo "2445"]
[BlackElo "2338"]
[PlyCount "61"]
[EventDate "2008.04.11"]

1. Nf3 {7} d5 {30} 2. g3 {7} c5 {170} 3. Bg2 {8} Nc6 {68} 4. d4 {9} e6 {47} 5.
O-O {7} Be7 {83} 6. c4 {114} cxd4 {209} 7. Nxd4 {114} Nf6 {22} 8. Nc3 {33} O-O
{27} 9. Bf4 {202} Qb6 {16} 10. Be3 {55} Qxb2 {191} 11. cxd5 {94} Nxd5 {69} 12.
Nxd5 {83} exd5 {6} 13. Bxd5 {15} Bh3 {287} 14. Rb1 {100} Qa3 {14} 15. Rxb7 {88}
Nxd4 {7} 16. Qxd4 {35} Bxf1 {7} 17. Kxf1 {20} Rad8 {99} 18. Qe4 {12} a5 {140}
19. Bb6 {110} Rde8 {53} 20. Kg2 {64} Qb4 {155} 21. Bd4 {30} Qd6 {79} 22. Qf5 {
47} Qg6 {184} 23. Qf3 {102} Qd6 {229} 24. Rb6 {45} Qd8 {182} 25. e4 {316} Bd6 {
397} 26. Qg4 {53} Be5 {122} 27. Bc5 {40} Bf6 {51} 28. Ra6 {27} g6 {15} 29. Qf3
{96} Be7 {54} 30. Bd4 {48} a4 {458} 31. Ba1 {
Icy45 claims flag (automatic). (Lag: Av=2.15s, max=5.4s) 32} 1-0

[Event "CSS Freestyle 8th"]
[Site "playchess.com"]
[Date "2008.04.11"]
[Round "2"]
[White "Etaoin Shrdlu"]
[Black "Ciron"]
[Result "1/2-1/2"]
[WhiteElo "2497"]
[BlackElo "2520"]
[PlyCount "58"]
[EventDate "2008.04.11"]

1. e4 {17} c5 {18} 2. Nf3 {2} Nc6 {20} 3. d4 {74} cxd4 {10} 4. Nxd4 {10} Nf6 {
12} 5. Nc3 {11} e5 {15} 6. Ndb5 {9} d6 {12} 7. Bg5 {8} a6 {10} 8. Na3 {10} b5 {
18} 9. Nd5 {14} Be7 {17} 10. Bxf6 {9} Bxf6 {10} 11. c3 {3} O-O {18} 12. Nc2 {10
} Bg5 {71} 13. a4 {9} bxa4 {13} 14. Rxa4 {9} a5 {91} 15. Bc4 {10} Rb8 {16} 16.
Ra2 {12} Kh8 {134} 17. Nce3 {14} Bxe3 {42} 18. Nxe3 {19} Ne7 {27} 19. O-O {128}
f5 {47} 20. exf5 {187} Nxf5 {39} 21. Nd5 {599} Bb7 {862} 22. Qd3 {98} Rc8 {84}
23. Ba6 {1117} e4 {465} 24. Qb5 {9} Bxa6 {17} 25. Qxa6 {9} Rc5 {4} 26. Ne3 {8}
h6 {395} 27. Raa1 {31} Kh7 {209} 28. Qe2 {284} Qb6 {51} 29. Nxf5 {47} Rfxf5 {
Etaoin Shrdlu offers a draw (Lag: Av=0.26s, max=0.7s) 20} 1/2-1/2

[Event "CSS Freestyle 8th"]
[Site "playchess.com"]
[Date "2008.04.11"]
[Round "2"]
[White "Brener"]
[Black "Flyingfatman"]
[Result "0-1"]
[WhiteElo "2387"]
[BlackElo "2526"]
[PlyCount "136"]
[EventDate "2008.04.11"]

1. Nf3 {4} d5 {192} 2. d4 {7} Nf6 {4} 3. c4 {3} e6 {5} 4. Nc3 {2} c6 {17} 5. e3
{7} Nbd7 {8} 6. Qc2 {6} Bd6 {12} 7. Bd2 {3} O-O {10} 8. Bd3 {4} dxc4 {77} 9.
Bxc4 {3} b5 {72} 10. Bd3 {17} Bb7 {16} 11. Ng5 {16} h6 {18} 12. Nce4 {24} Nxe4
{337} 13. Nxe4 {0} Be7 {2} 14. O-O {38} a5 {30} 15. Rfd1 {93} Qb6 {60} 16. Rac1
{13} Rac8 {125} 17. Nc5 {3} Nxc5 {3} 18. dxc5 {0} Qc7 {1} 19. a4 {6} b4 {120}
20. e4 {35} Rcd8 {17} 21. Be3 {25} e5 {95} 22. Bc4 {56} Bg5 {114} 23. Bxg5 {71}
hxg5 {0} 24. Rd2 {126} Rd4 {23} 25. Rxd4 {6} exd4 {2} 26. Rd1 {14} Rd8 {17} 27.
Qb3 {12} Bc8 {108} 28. Qg3 {248} Qe7 {41} 29. b3 {3} g4 {270} 30. Qf4 {4} g5 {
198} 31. Qg3 {8} Kg7 {15} 32. Kf1 {78} Be6 {108} 33. Be2 {72} d3 {73} 34. Rxd3
{3} Rxd3 {5} 35. Qxd3 {0} Qxc5 {4} 36. g3 {28} Qe5 {42} 37. Bd1 {14} c5 {33}
38. Bc2 {78} Qc7 {25} 39. Ke1 {59} c4 {106} 40. Qd4+ {47} f6 {4} 41. bxc4 {2}
Bxc4 {4} 42. Kd2 {11} Be6 {49} 43. Bd3 {22} Kf7 {45} 44. Bb5 {125} Ke7 {48} 45.
Ke2 {4} Qe5 {98} 46. Qa7+ {65} Kf8 {29} 47. Qa8+ {5} Kg7 {15} 48. Qb7+ {4} Kh6
{121} 49. Qa8 {27} Bf7 {14} 50. Bd3 {3} Kg7 {42} 51. Qc8 {12} Qa1 {168} 52.
Qxg4 {10} Qxa4 {27} 53. h4 {4} Qa2+ {36} 54. Ke3 {11} Qe6 {136} 55. Qxe6 {38}
Bxe6 {29} 56. hxg5 {2} fxg5 {15} 57. f4 {4} a4 {32} 58. Kd2 {5} a3 {13} 59. Kc2
{46} Kf7 {29} 60. e5 {40} b3+ {29} 61. Kc3 {37} g4 {30} 62. Bh7 {12} b2 {23}
63. Bb1 {12} Ke7 {21} 64. Bd3 {5} Bd5 {196} 65. Bg6 {37} Kd7 {21} 66. Bc2 {5}
Kc6 {14} 67. Bb1 {19} Kc5 {152} 68. f5 {11} a2 {
Brener gibt auf (Lag: Av=0.27s, max=0.9s) 35} 0-1

[Event "CSS Freestyle 8th"]
[Site "playchess.com"]
[Date "2008.04.11"]
[Round "2"]
[White "Enchanter"]
[Black "WindPower"]
[Result "1-0"]
[WhiteElo "2559"]
[BlackElo "2436"]
[PlyCount "65"]
[EventDate "2008.04.11"]

1. e4 {4} d5 {6} 2. exd5 {15} Nf6 {8} 3. d4 {42} Bg4 {5} 4. f3 {206} Bf5 {3} 5.
g4 {59} Bg6 {34} 6. c4 {31} e6 {12} 7. Nc3 {47} exd5 {5} 8. g5 {38} Nfd7 {4} 9.
Nxd5 {86} Nc6 {7} 10. Ne2 {361} Nb6 {264} 11. Nef4 {216} Be7 {439} 12. h4 {189}
O-O {150} 13. Kf2 {10} Re8 {999} 14. Nxe7+ {216} Rxe7 {27} 15. d5 {116} Qd6 {75
} 16. Bh3 {61} Qc5+ {22} 17. Kg3 {178} Nd4 {296} 18. b3 {11} Rae8 {40} 19. Ba3
{77} Nf5+ {168} 20. Bxf5 {16} Qxa3 {1} 21. Bg4 {11} Qd6 {434} 22. h5 {282} Be4
{1} 23. Re1 {12} Bxd5 {6} 24. Rxe7 {4} Rxe7 {7} 25. cxd5 {4} Re5 {20} 26. g6 {
279} hxg6 {4} 27. hxg6 {11} Nxd5 {51} 28. Rc1 {227} c6 {20} 29. gxf7+ {72} Kxf7
{11} 30. Qd3 {4} g6 {77} 31. Kf2 {32} Qf6 {7} 32. Nxd5 {12} Rxd5 {4} 33. Qe3 {
WindPower resigns (Lag: Av=0.47s, max=0.7s) 12} 1-0

[Event "CSS Freestyle 8th"]
[Site "playchess.com"]
[Date "2008.04.11"]
[Round "2"]
[White "Rybusia"]
[Black "Bruckmann"]
[Result "1-0"]
[WhiteElo "2455"]
[BlackElo "2388"]
[PlyCount "107"]
[EventDate "2008.04.11"]

1. d4 {12} Nf6 {90} 2. c4 {9} e6 {28} 3. Nc3 {3} Bb4 {24} 4. Nf3 {9} b6 {421}
5. Bg5 {111} Bb7 {59} 6. Nd2 {140} O-O {532} 7. e4 {147} h6 {335} 8. Bh4 {7} g5
{512} 9. Bg3 {5} Bxe4 {18} 10. h4 {16} Bg6 {72} 11. hxg5 {493} hxg5 {17} 12.
Bd3 {11} Nc6 {491} 13. Bxg6 {7} fxg6 {4} 14. Qc2 {5} Kg7 {11} 15. Qd3 {7} Nh5 {
232} 16. O-O-O {16} Nf4 {108} 17. Bxf4 {32} Rxf4 {4} 18. d5 {5} Ne5 {26} 19.
Qe3 {5} Bxc3 {86} 20. Qxc3 {23} d6 {115} 21. f3 {7} exd5 {45} 22. cxd5 {39} Rc8
{8} 23. Kb1 {57} Qf8 {128} 24. Ka1 {66} c6 {27} 25. dxc6 {69} Rxc6 {8} 26. Qe3
{6} Qe7 {306} 27. Ne4 {89} Nf7 {8} 28. Rhe1 {75} Qe5 {8} 29. Qd2 {101} Qf5 {37}
30. Nc3 {74} Rh4 {102} 31. Re7 {75} a6 {104} 32. Rde1 {. 120} Rhc4 {57} 33. Ra7
{140} Qf4 {25} 34. Qd1 {78} Qd4 {19} 35. Qxd4+ {57} Rxd4 {0} 36. Ree7 {6} Rf4 {
13} 37. a3 {25} Kf8 {51} 38. Ne2 {211} Rf6 {16} 39. Nd4 {9} Rc8 {31} 40. Ne6+ {
43} Kg8 {8} 41. Rxa6 {25} Rb8 {10} 42. Raa7 {25} Rf5 {5} 43. Rac7 {93} Re5 {22}
44. Kb1 {66} Re2 {3} 45. a4 {52} Re5 {31} 46. Kc2 {38} g4 {25} 47. f4 {68} Rf5
{12} 48. b4 {30} Rf6 {17} 49. g3 {31} Rf5 {20} 50. Kc3 {33} d5 {16} 51. Rb7 {80
} Rc8+ {8} 52. Kd3 {10} g5 {13} 53. fxg5 {76} Rf3+ {9} 54. Kd4 {
Bruckmann resigns (Lag: Av=0.28s, max=2.9s) 47} 1-0

[Event "CSS Freestyle 8th"]
[Site "playchess.com"]
[Date "2008.04.11"]
[Round "2"]
[White "Farseer"]
[Black "Spidey"]
[Result "1/2-1/2"]
[WhiteElo "2421"]
[BlackElo "2397"]
[PlyCount "122"]
[EventDate "2008.04.11"]

1. a3 {23} d5 {42} 2. Nf3 {18} Nf6 {16} 3. d4 {8} c6 {157} 4. Bf4 {35} Bf5 {118
} 5. e3 {158} e6 {4} 6. Bd3 {381} Bd6 {196} 7. O-O {53} O-O {56} 8. Nc3 {191}
Bc7 {105} 9. Re1 {264} Nbd7 {15} 10. h3 {264} h6 {35} 11. Ne5 {291} Nxe5 {117}
12. Bxe5 {8} Qe7 {43} 13. Qe2 {188} Rfd8 {49} 14. Bxf5 {95} exf5 {14} 15. Bxc7
{42} Qxc7 {6} 16. Qf3 {52} Qd7 {79} 17. Ne2 {34} Ne4 {50} 18. Nf4 {31} Rac8 {81
} 19. Qe2 {107} Re8 {12} 20. Rac1 {67} b5 {188} 21. f3 {40} Nd6 {18} 22. b3 {34
} a5 {104} 23. Qd2 {4} Ra8 {71} 24. Nd3 {254} Qc7 {74} 25. Qc3 {22} Re7 {93}
26. Re2 {115} Rae8 {50} 27. Rce1 {31} f6 {173} 28. Qd2 {66} Nb7 {105} 29. c4 {
153} bxc4 {110} 30. bxc4 {4} dxc4 {28} 31. Nb2 {2} c5 {74} 32. Nxc4 {50} cxd4 {
4} 33. exd4 {30} Rxe2 {13} 34. Rxe2 {14} Rc8 {26} 35. Ne3 {43} Nd6 {69} 36. Kf2
{26} Qc3 {62} 37. Qa2+ {11} Kh8 {23} 38. Qd5 {131} Qxa3 {18} 39. Nxf5 {17} Nxf5
{2} 40. Qxf5 {19} Rd8 {10} 41. Qc5 {169} Qa1 {3} 42. d5 {118} a4 {5} 43. d6 {98
} Qd1 {10} 44. Re6 {34} Qd2+ {53} 45. Kg3 {3} Qg5+ {229} 46. Qxg5 {5} hxg5 {8}
47. f4 {54} gxf4+ {97} 48. Kxf4 {4} a3 {89} 49. Re3 {8} a2 {22} 50. Ra3 {8}
Rxd6 {15} 51. Rxa2 {2} Kh7 {11} 52. Ra7 {43} Kh6 {10} 53. Ra4 {21} Rd2 {70} 54.
g4 {42} Rd3 {19} 55. h4 {16} Rh3 {26} 56. h5 {21} Rc3 {13} 57. Ra7 {156} Rc4+ {
11} 58. Kf3 {11} Rc1 {37} 59. Rf7 {12} g6 {26} 60. hxg6 {16} Kxg6 {31} 61. Ra7
{5} Rc3+ {Spidey bietet Remis (Lag: Av=0.48s, max=1.2s) 24} 1/2-1/2

[Event "CSS Freestyle 8th"]
[Site "playchess.com"]
[Date "2008.04.11"]
[Round "2"]
[White "Stabiloboss"]
[Black "Necromant"]
[Result "1/2-1/2"]
[WhiteElo "2404"]
[BlackElo "2349"]
[PlyCount "107"]
[EventDate "2008.04.11"]

1. e4 {17} c5 {3} 2. Nf3 {11} d6 {13} 3. d4 {4} cxd4 {2} 4. Nxd4 {3} Nf6 {4} 5.
Nc3 {5} a6 {2} 6. Be3 {5} e6 {137} 7. f3 {18} b5 {29} 8. g4 {16} h6 {24} 9. Qd2
{13} b4 {79} 10. Na4 {5} Nbd7 {25} 11. O-O-O {14} Ne5 {67} 12. Qxb4 {52} Bd7 {
141} 13. Nc3 {10} Qc7 {119} 14. Nb1 {16} d5 {75} 15. Qc3 {7} Qxc3 {131} 16.
Nxc3 {8} dxe4 {23} 17. Nxe4 {22} Nxe4 {56} 18. fxe4 {9} Nxg4 {3} 19. Bg1 {11}
g6 {301} 20. Nf3 {1265} h5 {69} 21. h3 {75} Bh6+ {25} 22. Kb1 {23} Ne3 {14} 23.
Bxe3 {9} Bxe3 {4} 24. Ne5 {15} Bc8 {82} 25. Nc4 {309} Bc5 {19} 26. Bg2 {11} Bb7
{260} 27. Rhf1 {306} O-O {29} 28. Ne5 {513} Rfd8 {294} 29. c3 {15} Rxd1+ {55}
30. Rxd1 {6} Re8 {170} 31. Kc2 {160} g5 {138} 32. b4 {11} Bf8 {107} 33. Rd7 {74
} Bc8 {99} 34. Ra7 {52} Re7 {38} 35. Rxe7 {57} Bxe7 {0} 36. Nc6 {47} Bf8 {91}
37. c4 {27} g4 {265} 38. hxg4 {28} hxg4 {19} 39. c5 {125} Bd7 {
Necromant offers a draw 88} 40. e5 {392} Bg7 {25} 41. Kd3 {25} Bxc6 {44} 42.
Bxc6 {5} Bxe5 {18} 43. Bb7 {39} g3 {83} 44. Ke3 {29} Kf8 {95} 45. Bxa6 {31} Bc3
{19} 46. a3 {73} Ke7 {22} 47. Bf1 {117} Bb2 {54} 48. b5 {17} Bxa3 {7} 49. Kd4 {
11} Bb2+ {27} 50. Kc4 {27} f5 {17} 51. b6 {17} Kd8 {39} 52. c6 {18} Be5 {47}
53. Bg2 {40} Kc8 {15} 54. Bf3 {
Stabiloboss bietet Remis (Lag: Av=0.36s, max=1.9s) 25} 1/2-1/2